=LDR 00000nam 2200000 4500 =001 INLIS000000000042003 =005 20130612151514 =008 ***********************************ind** =035 ##$$a0010-061300000042003 =041 ##$$a ind =082 ##$$a 150 =090 ##$$a 150, Syt t =100 ##$$a Sylvina Savitri =245 ##$$a 77 Jurus jitu lolos tes wawancara kerja, Sylvina savitor;Penyunting, Andiek kurniawan =260 ##$$a 2010 $b Jakarta =300 ##$$a Viii, 144 hlm., 21 cm =650 ##$$a PSIKOLOGI - TES INTERVIEW =700 ##$$a Andiek kurniawan =850 ##$$a NBPNMAT =990 ##$$a 21400613/BPAP-NTB/20142014